00297nam a2200121Ia 45000030006000000080041000060400015000471000018000622450057000802600009001375460012001460050017001580STCL150530s9999 xx 000 0 und d aSTCLcSTCL aVarkey Alukai aPre degree mathematics part I algebra and trignomtry c1962 aEnglish20220125170026.0